000
00215 a2200097 4500
001
24567
100
_a
Muller, A
245
_a
The Seven Wonders of the World
260
_a
_b
Weidenfeld
_c
1969
090
_c
16617
_d
16617
942
_a
NUST-CAE
_c
M
_c
7355
999
_c
259640
_d
259640